000 00864cab a2200253 4500
001 ABS55086
008 090401t1996 xxu||||| |||| 00| 0 eng d
035 _a(Sirsi) u14087
041 _aeng
100 _aGarwood, S.
245 _aImplications of the new landfill tax
260 _c1996
350 _a0
490 _aCSM (Chartered Surveyor Monthly)
_v5(7) April 1996, 36(1)
520 _aExplains the system for classifying waste and states the landfill tax rates per tonne for inactive and other waste. Also considers the effects on the environment of the presence of new environmental trusts.
650 _aENVIRONMENTAL PROTECTION ACT 1990
650 _aENVIRONMENTAL TRUSTS
650 _aLANDFILL TAX
650 _aWASTE MANAGEMENT
690 _aENVIRONMENTAL AND LAND CONSULTANCY
690 _aTAXATION
942 _n0
948 _c04/03/1997
999 _c9136
_d9136